| 000 -LEADER |
| fixed length control field |
01189nam a2200217Ia 4500 |
| 001 - CONTROL NUMBER |
| control field |
7332 |
| 003 - CONTROL NUMBER IDENTIFIER |
| control field |
GE_BSU |
| 008 - FIXED-LENGTH DATA ELEMENTS--GENERAL INFORMATION |
| fixed length control field |
181216s||||||||xx |||||||||||||| ||und|| |
| 020 ## - INTERNATIONAL STANDARD BOOK NUMBER |
| International Standard Book Number |
9789941407031 |
| 040 ## - CATALOGING SOURCE |
| Transcribing agency |
GE_BSU |
| 080 ## - UNIVERSAL DECIMAL CLASSIFICATION NUMBER |
| Universal Decimal Classification number |
930.22(=512.161) |
| 245 ## - TITLE STATEMENT |
| Title |
ჩილდირის ვილაიეთის მოკლე/იჯმალ/დავთარი. |
| 245 ## - TITLE STATEMENT |
| Statement of responsibility, etc. |
თურქული ტექსტი, ქართული თარგმანით, შესავლით, შენიშვნ. და ფაქსიმილეებით გამოსაცემად მოამზადეს მირიან მახარაძემ და ნოდარ შენგელიამ. რედ.: ზაზა შაშიკაძე. |
| 250 ## - EDITION STATEMENT |
| Edition statement |
ივანე ჯავახიშვილის სახ. თბილისის სახ. უნ–ტი. |
| 260 ## - PUBLICATION, DISTRIBUTION, ETC. |
| Place of publication, distribution, etc. |
თბილისი. |
| 260 ## - PUBLICATION, DISTRIBUTION, ETC. |
| Name of publisher, distributor, etc. |
ჰოროსი XXI. |
| 260 ## - PUBLICATION, DISTRIBUTION, ETC. |
| Date of publication, distribution, etc. |
2008. |
| 300 ## - PHYSICAL DESCRIPTION |
| Extent |
360 გვ.; 21 სმ. |
| 653 ## - INDEX TERM--UNCONTROLLED |
| Uncontrolled term |
ჩილდირის ვილაიეთის მოკლე/იჯმალ/დავთარი. |
| 942 ## - ADDED ENTRY ELEMENTS (KOHA) |
| Koha item type |
წიგნი |